De l'Existence de deux loess distincts dans le Nord de la France / (Record no. 114473)
[ view plain ]
| 000 -LEADER | |
|---|---|
| campo de control de longitud fija | 00569nam a2200157 i 4500 |
| 001 - NÚMERO DE CONTROL | |
| campo de control | 114473 |
| 003 - IDENTIFICADOR DE NÚMERO DE CONTROL | |
| campo de control | ES-MaACL |
| 007 - CAMPO FIJO DE DESCRIPCIÓN FÍSICA--INFORMACIÓN GENERAL | |
| campo de control de longitud fija | t| |
| 008 - DATOS DE LONGITUD FIJA--INFORMACIÓN GENERAL | |
| campo de control de longitud fija | 070302s1867 fr ||||1| fre d |
| 100 1# - ENTRADA PRINCIPAL--NOMBRE DE PERSONA | |
| Nombre de persona | Delanoüe, J. |
| 9 (RLIN) | 43314 |
| 245 10 - MENCIÓN DEL TÍTULO | |
| Título | De l'Existence de deux loess distincts dans le Nord de la France / |
| Mención de responsabilidad, etc. | par M. J. Delanoüe. |
| 260 ## - PUBLICACIÓN, DISTRIBUCIÓN, ETC. | |
| Lugar de publicación, distribución, etc. | Paris : |
| Nombre del editor, distribuidor, etc. | [s.n., |
| Fecha de publicación, distribución, etc. | 1867] ( |
| Fabricante | Impr. de E. Martinet) |
| 300 ## - DESCRIPCIÓN FÍSICA | |
| Extensión | p. 160-167. |
| 500 ## - NOTA GENERAL | |
| Nota general | Separata de: Bulletin de la Société géologique de France, 2e série. T. XXIV, p. 160. Séance du 7 janvier 1867. |
| 852 ## - LOCALIZACIÓN | |
| Ubicación | ES-MaACL |
| Número de control de estantería | T-911-F-5 |
| Estatus retirado | Estado de pérdida | Estado de daño | No para préstamo | Colección | Biblioteca de origen | Biblioteca actual | Ubicación en estantería | Fecha de adquisición | Fuente de adquisición | Total de préstamos | Signatura topográfica completa | Código de barras | Visto por última vez | Precio de reemplazo | Tipo de ítem Koha |
|---|---|---|---|---|---|---|---|---|---|---|---|---|---|---|---|
| Colección de folletos | Biblioteca del Ateneo de Madrid | Biblioteca del Ateneo de Madrid | Depósito folletos | 17/01/2008 | T-911-F-5 | 1119382 | 23/02/2023 | 23/02/2023 | Folleto |
